| 000 | 01382cam a22003011i 4500 | ||
|---|---|---|---|
| 003 | OSt | ||
| 005 | 20250611101440.0 | ||
| 008 | 250605s2015 le g 000 0 ara c | ||
| 040 |
_aSA-RiAUC _bara _cSA-RiAUC _erda |
||
| 082 | 0 | 4 |
_a258.2 _qSA-RiAUC |
| 090 |
_a258.2 _b و ل ا |
||
| 100 | 1 |
_aالولاتي، محمد يحيى بن محمد المختار، _d1259-1330 هجريا _eمؤلف. |
|
| 245 | 1 | 0 |
_aمتن إيصال السالك إلى أصول مذهب الإمام مالك / _cمحمد يحيى بن محمد بن عبد الله أحمد المختار ؛ [علق عليه] مراد بوضاية. |
| 246 | 3 | 0 | _aإيصال السالك إلى أصول مذهب الإمام مالك |
| 250 | _aالطبعة الأولى. | ||
| 264 | 1 |
_aبيروت : _bدار ابن حزم، _c2015 |
|
| 264 | 2 |
_aمصر : _bدار السلام للطباعة والنشر والتوزيع والترجمة |
|
| 300 |
_a151صفحة ؛ _c20 × 14 سم |
||
| 336 |
_aنص _btxt _2rdacontent _3كتاب |
||
| 337 |
_aبدون وسيط _bn _2rdamedia |
||
| 338 |
_aمجلد _bnc _2rdacarrier |
||
| 500 | _aغلاف أبيض. | ||
| 650 | 7 |
_aالفقه المالكي _2aucsh |
|
| 650 | 7 |
_aأصول الفقه الإسلامي _xطريقة المالكية _2aucsh |
|
| 700 | 1 |
_aبوضاية، مراد _eمعلق. |
|
| 942 |
_2ddc _cBOOK _n0 |
||
| 949 |
_aSA-JeALM _d250605 _umohamedma123 _n1 |
||
| 999 |
_c8845 _d8845 |
||